| 000 -LEADER | |
|---|---|
| fixed length control field | 00486nam a22001817a 4500 |
| 005 - DATE AND TIME OF LATEST TRANSACTION | |
| control field | 20230403151655.0 |
| 008 - FIXED-LENGTH DATA ELEMENTS--GENERAL INFORMATION | |
| fixed length control field | 230401b |||||||| |||| 00| 0 eng d |
| 020 ## - INTERNATIONAL STANDARD BOOK NUMBER | |
| ISBN | 978-81-203-452-0-1 |
| 041 ## - LANGUAGE CODE | |
| Language code of text/sound track or separate title | eng |
| 082 ## - DEWEY DECIMAL CLASSIFICATION NUMBER | |
| Classification number | 543.08 RAO-I |
| 100 ## - MAIN ENTRY--AUTHOR NAME | |
| Personal name | RAO,P. S.S. SUNDAR AND RICHARD ,J . |
| 245 ## - TITLE STATEMENT | |
| Title | INTRODUCTION TO BIOSTATISTIC AND RESEARCH METHODS |
| 250 ## - EDITION STATEMENT | |
| Edition statement | 5th ed. |
| 260 ## - PUBLICATION, DISTRIBUTION, ETC. (IMPRINT) | |
| Name of publisher | PHI LEARNING |
| 300 ## - PHYSICAL DESCRIPTION | |
| Number of Pages | 268;P. |
| 650 ## - SUBJECT ADDED ENTRY--TOPICAL TERM | |
| Topical Term | PHARMACY |
| General subdivision | B. PHARMA |
| 942 ## - ADDED ENTRY ELEMENTS (KOHA) | |
| Koha item type | Books |
| Lost status | Damaged status | Collection code | Home library | Current library | Shelving location | Date acquired | Source of acquisition | Cost, normal purchase price | Full call number | Accession Number | Koha item type |
|---|---|---|---|---|---|---|---|---|---|---|---|
| Reference | JRU Library | JRU Library | SHELF - 17 - I | 23/03/2023 | LOHIA BOOK INTERNATIONAL | 395.00 | 543.08 RAO-I | 27628 | Books |